College Football Teams in 1936 - Statistics

General Stats
  • This quiz has been taken 13 times
  • The average score is 114 of 500
Answer Stats
Answer % Correct
Auburn
89%
Alabama
78%
Arkansas
78%
Arkansas State
78%
Brown
78%
Columbia
78%
Columbia (IA)
78%
Florida
78%
George Washington
78%
Georgia
78%
Kansas
78%
Kansas State
78%
Missouri
78%
Oregon
78%
Oregon State
78%
Penn
78%
Penn (IA)
78%
UCLA
78%
USC
78%
Washington
78%
Yale
78%
Arizona
67%
Arizona State
67%
Boston University
67%
BYU
67%
California
67%
Central (IA)
67%
Central (MO)
67%
Colorado
67%
Colorado A&M
67%
Connecticut State
67%
Georgia Tech
67%
Harvard
67%
LSU
67%
Maryland
67%
Massachusetts State
67%
Miami (FL)
67%
Miami (OH)
67%
Minnesota
67%
NC State
67%
New Hampshire
67%
North Carolina
67%
Notre Dame
67%
Oklahoma
67%
Oklahoma A&M
67%
Princeton
67%
Purdue
67%
South Carolina
67%
SW Louisiana
67%
TCU
67%
Texas
67%
Texas A&M
67%
Texas Tech
67%
Utah
67%
Utah State
67%
Vanderbilt
67%
Vermont
67%
Washington State
67%
Wisconsin
67%
Akron
56%
Army
56%
Boston College
56%
Buffalo
56%
Cincinnati
56%
Clemson
56%
Cornell
56%
Creighton
56%
Dartmouth
56%
Dayton
56%
Duke
56%
Hawaii
56%
Idaho
56%
Illinois
56%
Indiana
56%
Indiana (PA)
56%
Iowa
56%
Iowa State
56%
Louisiana Tech
56%
Louisville
56%
Maine
56%
Michigan
56%
Michigan State
56%
Mississippi State Teachers
56%
Nebraska
56%
North Dakota
56%
North Texas State
56%
Northwestern
56%
NYU
56%
Ohio
56%
Ohio State
56%
Ole Miss
56%
Penn State
56%
Pittsburgh
56%
Rutgers
56%
San Diego State
56%
South Dakota
56%
South Dakota State
56%
Southern
56%
South Georgia Teachers
56%
Southwest Texas State
56%
St. Mary's
56%
St. Mary's (MI)
56%
St. Mary's (MN)
56%
St. Mary's (TX)
56%
Syracuse
56%
Toledo
56%
Tulane
56%
Tulsa
56%
Virginia
56%
Wake Forest
56%
Western State Teachers (MI)
56%
West Virginia
56%
Baylor
44%
Central Michigan
44%
Chicago
44%
Denver
44%
Georgetown
44%
Georgetown (KY)
44%
Gonzaga
44%
Idaho Southern Branch
44%
Illinois State Normal
44%
Jacksonville State
44%
Kentucky
44%
Lehigh
44%
Michigan State Normal
44%
Mississippi State
44%
Navy
44%
Nevada
44%
New Mexico
44%
New Mexico A&M
44%
Northern Illinois State
44%
Rhode Island State
44%
Richmond
44%
San Francisco
44%
San Jose State
44%
Santa Barbara State
44%
Santa Clara
44%
Stanford
44%
St. John's (MN)
44%
St. Louis
44%
Temple
44%
Tennessee
44%
Texas Mines
44%
The Citadel
44%
Villanova
44%
VPI
44%
Wyoming
44%
Arizona State–Flagstaff
33%
Bowling Green
33%
Delaware
33%
Detroit
33%
Drake
33%
Eastern Illinois
33%
Eastern Kentucky State Teachers
33%
Fresno State
33%
Indiana State
33%
Johns Hopkins
33%
Kent State
33%
Lafayette
33%
Marquette
33%
Montana
33%
Montana State
33%
Northeastern
33%
Omaha
33%
Pacific (CA)
33%
Pacific (OR)
33%
Portland
33%
Providence
33%
Rice
33%
Rochester
33%
SMU
33%
Southern Illinois
33%
Tampa
33%
Tennessee Tech
33%
VMI
33%
Western Carolina
33%
Western Kentucky State Teachers
33%
West Tennessee State Teachers
33%
Wichita
33%
William & Mary
33%
William & Mary Norfolk
33%
Williams
33%
Amherst
22%
Appalachian State
22%
Ball State
22%
Bradley
22%
Bucknell
22%
Butler
22%
Cal Poly
22%
Canisius
22%
Carnegie Tech
22%
Colgate
22%
Colorado State–Greeley
22%
Concord
22%
Davidson
22%
East Carolina
22%
Fordham
22%
Furman
22%
Holy Cross
22%
Howard
22%
Howard (AL)
22%
Iowa State Teachers
22%
Loyola (CA)
22%
Loyola (LA)
22%
Marshall
22%
Middle Tennessee State Teachers
22%
Missouri Valley
22%
Monmouth (IL)
22%
Niagara
22%
North Dakota Agricultural
22%
Springfield (MO)
22%
State Normal–Cheney
22%
Stetson
22%
St. Joseph's (IN)
22%
St. Thomas (MN)
22%
St. Thomas (PA)
22%
Troy State
22%
Tufts
22%
Washington & Lee
22%
Western Illinois
22%
Wofford
22%
WPI
22%
Xavier
22%
Abilene Christian
11%
Albany (OR)
11%
Arkansas State Teachers
11%
Arkansas Tech
11%
Austin
11%
Baker
11%
Beloit
11%
Cal Aggies
11%
California (PA)
11%
Carthage
11%
Case
11%
CCNY
11%
Chattanooga
11%
Colorado Mines
11%
Cornell (IA)
11%
DePaul
11%
Drexel
11%
Duquesne
11%
East Texas State
11%
Elon
11%
Evansville
11%
Franklin (IN)
11%
Franklin & Marshall
11%
Hampton
11%
Hanover
11%
Hardin–Simmons
11%
Huron
11%
Jamestown
11%
Kalamazoo
11%
Kearney State
11%
Knox (IL)
11%
La Crosse State
11%
La Salle
11%
La Verne
11%
Lawrence
11%
Lincoln (PA)
11%
Manchester
11%
Manhattan
11%
Mankato State
11%
Mercer
11%
Milwaukee State
11%
Morgan
11%
Murray State
11%
Occidental
11%
Pomona
11%
Presbyterian
11%
Salem
11%
Sam Houston State
11%
Sioux Falls
11%
St. Bonaventure
11%
Stephen F. Austin
11%
Stout State
11%
St. Paul's (VA)
11%
St. Vincent
11%
Valparaiso
11%
Washington State Normal
11%
Washington University
11%
Western Reserve
11%
Western Washington
11%
Winona State
11%
Adrian
0%
Albion
0%
Albright
0%
Alma
0%
Arkansas A&M
0%
Arkansas AM&N
0%
Ashland
0%
Assumption (ON)
0%
Augustana (IL)
0%
Augustana (SD)
0%
Baldwin–Wallace
0%
Bemidji State
0%
Bethany (KS)
0%
Bethany (WV)
0%
Birmingham–Southern
0%
Bishop
0%
Bloomsburg
0%
Bluefield State
0%
Buena Vista
0%
Cape Girardeau
0%
Capital
0%
Carleton
0%
Catawba
0%
Catholic University
0%
Centenary
0%
Central Normal
0%
Central State (OK)
0%
Centre
0%
Chadron State
0%
Chico State
0%
Clarion
0%
Coast Guard
0%
Coe
0%
College of Emporia
0%
College of Idaho
0%
Colorado College
0%
Concordia (MN)
0%
Cortland Normal
0%
Culver–Stockton
0%
Dakota Wesleyan
0%
Daniel Baker
0%
Davis & Elkins
0%
DePauw
0%
DeSales (OH)
0%
Dickinson State
0%
Doane
0%
Dubuque
0%
Duluth State
0%
Earlham
0%
East Central
0%
Eastern Normal
0%
East Stroudsburg
0%
Eau Claire State
0%
Edinboro
0%
Elmhurst
0%
Emporia Teachers
0%
Erskine
0%
Eureka
0%
Fairmont State
0%
Ferris Institute
0%
Findlay
0%
Fort Hays State
0%
Glenville State
0%
Grinnell
0%
Guilford
0%
Gustavus Adolphus
0%
Hamline
0%
Hastings
0%
Heidelberg
0%
Henderson State
0%
Hendrix
0%
Hillsdale
0%
Hobart
0%
Hope
0%
Howard Payne
0%
Humboldt State
0%
Illinois College
0%
Illinois Wesleyan
0%
Iowa Wesleyan
0%
John Carroll
0%
Johnson C. Smith
0%
Kansas Wesleyan
0%
Kenyon
0%
Kirksville
0%
Kutztown
0%
Lake Forest
0%
Langston
0%
Lawrence Tech
0%
Lenoir Rhyne
0%
Linfield
0%
Lock Haven
0%
Louisiana College
0%
Louisiana Normal
0%
Luther
0%
Macalester
0%
Mansfield
0%
Marietta
0%
Marines
0%
Maryville (MO)
0%
Mayville State
0%
McKendree
0%
McMurry
0%
McPherson
0%
Midland
0%
Millersville
0%
Millikin
0%
Millsaps
0%
Minot State
0%
Mississippi College
0%
Moorhead State
0%
Morehead State
0%
Morningside
0%
Morris Harvey
0%
Mount Union
0%
Muskingum
0%
Nebraska Wesleyan
0%
Newberry
0%
New River State
0%
North Carolina A&M
0%
North Carolina College
0%
North Central
0%
North Dakota Forestry
0%
North Dakota Science
0%
North Dakota State Normal
0%
Northeastern State
0%
Northern Normal
0%
NW Oklahoma State
0%
Oakland City
0%
Oberlin
0%
Oglethorpe
0%
Ohio Northern
0%
Ohio Wesleyan
0%
Oklahoma Baptist
0%
Oklahoma City
0%
Olivet
0%
Oshkosh State
0%
Ottawa
0%
Otterbein
0%
Ouachita Baptist
0%
Parsons
0%
Peru State
0%
Pittsburg State
0%
Platteville State
0%
Potomac State
0%
Prairie View
0%
Puget Sound
0%
Redlands
0%
Ripon
0%
River Falls State
0%
Rolla
0%
Rollins
0%
Rose Poly
0%
San Francisco State
0%
SE Louisiana
0%
SE Oklahoma State
0%
Sewanee
0%
Shaw
0%
Shepherd
0%
Shippensburg
0%
Shurtleff
0%
Simpson
0%
Slippery Rock
0%
South Dakota Mines
0%
Southern Normal
0%
Southwestern (KS)
0%
Southwestern (TN)
0%
Southwestern (TX)
0%
Spearfish
0%
Spring Hill
0%
St. Ambrose
0%
St. Anselm
0%
St. Augustine's
0%
St. Cloud State
0%
St. Edward's
0%
Stevens Point State
0%
St. Olaf
0%
St. Viator
0%
Sul Ross
0%
Superior State
0%
SW Oklahoma State
0%
Tarkio
0%
Texas A&I
0%
Texas College
0%
Texas Wesleyan
0%
Transylvania
0%
Trinity (TX)
0%
Union (KY)
0%
Union (TN)
0%
Upper Iowa
0%
Valley City State
0%
Virginia State
0%
Virginia Union
0%
Wabash
0%
Warrensburg
0%
Washburn
0%
Wayne
0%
Waynesburg
0%
Wayne State (NE)
0%
Wesleyan
0%
West Chester
0%
Western Maryland
0%
Western State (CO)
0%
Western Union
0%
West Liberty State
0%
Westminster (PA)
0%
West Virginia Wesleyan
0%
Wheaton (IL)
0%
Whitewater State
0%
Whitman
0%
Whittier
0%
Wiley
0%
Willamette
0%
William Jewell
0%
Wittenberg
0%
Wooster
0%
Yankton
0%
York (NE)
0%
No matching quizzes found
Score Distribution
Percent of People with Each Score
Percentile by Number Answered
Your Score History
You have not taken this quiz